[Event "Aragon-chT Preferente Gr I"]
[Site "Aragon"]
[Date "2023.03.18"]
[Round "8.48"]
[White "Jario Garcia, Ricardo Javier"]
[Black "Malo Guillen, Jose Luis"]
[Result "1-0"]
[WhiteElo "2005"]
[BlackElo "2128"]
[PlyCount "49"]
[EventDate "2023.01.28"]
[EventType "team-tourn"]
[EventRounds "9"]
[EventCountry "ESP"]
[SourceTitle "EXT 2024"]
[Source "ChessBase"]
[SourceDate "2023.10.10"]
[SourceVersion "1"]
[SourceVersionDate "2023.10.10"]
[SourceQuality "1"]
[WhiteTeam "Marcos Frechin II"]
[BlackTeam "Las Fuentes"]
[WhiteTeamCountry "ESP"]
[BlackTeamCountry "ESP"]

1. e4 e5 2. Nf3 Nc6 3. d4 exd4 4. Nxd4 Bc5 5. Nb3 Bb6 6. Qe2 Nge7 7. Nc3 0-0 8. Be3 f5 9. 0-0-0 d6 10. f3 fxe4 11. Nxe4 Nf5 12. Bxb6 axb6 13. Kb1 Qe7 14. Qd2 Kh8 15. h4 Qe5 16. Bd3 h6 17. f4 Qe8 18. g4 Nfd4 19. f5 d5 20. Ng5 Qe5 21. Rde1 Qf6 22. Qf4 Qd6 23. Re8 Be6 24. Qxd6 cxd6 25. Rxa8 1-0

[Event "Aragon-chT Preferente Gr I"]
[Site "Aragon"]
[Date "2022.02.26"]
[Round "5.41"]
[White "Planas Torrea, Francisco Javier"]
[Black "Malo Guillen, Jose Luis"]
[Result "1/2-1/2"]
[WhiteElo "2076"]
[BlackElo "2118"]
[PlyCount "46"]
[EventDate "2022.01.29"]
[EventType "team-tourn"]
[EventRounds "9"]
[EventCountry "ESP"]
[SourceTitle "EXT 2024"]
[Source "ChessBase"]
[SourceDate "2023.10.10"]
[SourceVersion "1"]
[SourceVersionDate "2023.10.10"]
[SourceQuality "1"]
[WhiteTeam "Ejea"]
[BlackTeam "Las Fuentes"]
[WhiteTeamCountry "ESP"]
[BlackTeamCountry "ESP"]

1. e4 e5 2. Nf3 Nc6 3. Bc4 Bc5 4. c3 Nf6 5. d3 d6 6. h3 a6 7. Nbd2 Ba7 8. Nf1 Na5 9. Bb3 Nxb3 10. axb3 h6 11. Ng3 0-0 12. 0-0 Be6 13. b4 c6 14. Qe2 Re8 15. Nh4 Nxe4 16. Nxe4 Qxh4 17. Nxd6 Bxh3 18. Qf3 Re6 19. Qxf7+ Kh8 20. Nf5 Bxf5 21. Qxf5 Rf6 22. Qh3 Bxf2+ 23. Kh1 Raf8 1/2-1/2

[Event "Aragon-chT Preferente Gr-I"]
[Site "Aragon"]
[Date "2020.02.22"]
[Round "5.33"]
[White "Aribau Rivas, Miguel Angel"]
[Black "Malo Guillen, Jose Luis"]
[Result "1/2-1/2"]
[WhiteElo "2026"]
[BlackElo "2099"]
[PlyCount "112"]
[EventDate "2020.01.25"]
[EventType "team-tourn"]
[EventRounds "9"]
[EventCountry "ESP"]
[SourceTitle "EXT 2022"]
[Source "ChessBase"]
[SourceDate "2021.10.06"]
[SourceVersion "1"]
[SourceVersionDate "2021.10.06"]
[SourceQuality "1"]
[WhiteTeam "Fraga"]
[BlackTeam "Las Fuentes"]
[WhiteTeamCountry "ESP"]
[BlackTeamCountry "ESP"]

1. e4 e5 2. Nf3 Nc6 3. Bc4 Bc5 4. c3 Nf6 5. d3 a6 6. Nbd2 d6 7. 0-0 0-0 8. Bb3 Ba7 9. Nc4 h6 10. Re1 Re8 11. Be3 b5 12. Ncd2 Bxe3 13. Rxe3 Na5 14. Bc2 c5 15. a4 Bb7 16. axb5 axb5 17. c4 b4 18. Ba4 Bc6 19. Re1 Re7 20. Bxc6 Nxc6 21. Qc2 Rea7 22. Rxa7 Rxa7 23. Nf1 Qa8 24. Ne3 Ra1 25. Rc1 g6 26. h3 Kg7 27. g3 Qa2 28. Rxa1 Qxa1+ 29. Kg2 Qa2 30. Nd5 Nxd5 31. cxd5 Nd4 32. Nxd4 exd4 33. h4 b3 34. Qc1 Qa6 35. Qc4 Qa2 36. Qc1 Qa6 37. Qc4 Qxc4 38. dxc4 f5 39. exf5 gxf5 40. Kf3 Kg6 41. Kf4 Kh5 42. f3 d3 43. Ke3 f4+ 44. gxf4 Kxh4 45. Kxd3 Kh5 46. Ke4 Kg6 47. f5+ Kf6 48. Kf4 h5 49. Kg3 Kxf5 50. Kh4 Kf4 51. Kxh5 Kxf3 52. Kg5 Ke4 53. Kf6 Kd3 54. Ke6 Kc2 55. Kxd6 Kxb2 56. Kxc5 Kc3 1/2-1/2

[Event "Aragon-chT Preferente Gr-II"]
[Site "Aragon"]
[Date "2019.02.23"]
[Round "5.4"]
[White "Manguez Tomas, Andres"]
[Black "Malo Guillen, Jose Luis"]
[Result "1/2-1/2"]
[WhiteElo "1933"]
[BlackElo "2140"]
[PlyCount "40"]
[EventDate "2019.01.26"]
[EventType "team-tourn"]
[EventRounds "9"]
[EventCountry "ESP"]
[SourceTitle "EXT 2020"]
[Source "ChessBase"]
[SourceDate "2019.10.17"]
[SourceVersion "1"]
[SourceVersionDate "2019.10.17"]
[SourceQuality "1"]
[WhiteTeam "Agrupacion III"]
[BlackTeam "Las Fuentes"]
[WhiteTeamCountry "ESP"]
[BlackTeamCountry "ESP"]

1. d4 Nf6 2. c4 e6 3. g3 c5 4. Bg2 cxd4 5. Qxd4 Nc6 6. Qd1 d5 7. cxd5 Nxd5 8. Nf3 Be7 9. 0-0 0-0 10. Bd2 Bf6 11. Qc1 e5 12. Nc3 Nxc3 13. Bxc3 Nd4 14. Nxd4 exd4 15. Bb4 Re8 16. Qd2 Rb8 17. Rad1 Bg4 18. f3 Be6 19. b3 Qb6 20. Kh1 Rbc8 1/2-1/2

[Event "Aragon-chT Preferente Gr I "]
[Site "Aragon"]
[Date "2018.03.24"]
[Round "9.49"]
[White "Accattato Martin, Mario"]
[Black "Malo Guillen, Jose Luis"]
[Result "1/2-1/2"]
[WhiteElo "2224"]
[BlackElo "2113"]
[PlyCount "97"]
[EventDate "2018.01.27"]
[EventType "team-tourn"]
[EventRounds "9"]
[EventCountry "ESP"]
[SourceTitle "EXT 2019"]
[Source "ChessBase"]
[SourceDate "2018.10.10"]
[SourceVersion "1"]
[SourceVersionDate "2018.10.10"]
[SourceQuality "1"]
[WhiteTeam "Monsalud Soluzion"]
[BlackTeam "Las Fuentes"]
[WhiteTeamCountry "ESP"]
[BlackTeamCountry "ESP"]

1. e4 e5 2. Nf3 Nc6 3. d3 Nf6 4. Be2 Bc5 5. 0-0 d6 6. c3 a5 7. b3 h6 8. a3 0-0 9. Bb2 Ba7 10. Nbd2 Re8 11. Qc2 Ne7 12. Nc4 c6 13. b4 axb4 14. axb4 Ng6 15. Ra3 b5 16. Rfa1 bxc4 17. Rxa7 Rxa7 18. Rxa7 Qb6 19. Ra1 cxd3 20. Bxd3 Nf4 21. Bf1 d5 22. exd5 e4 23. Nd4 N4xd5 24. Qa4 c5 25. Nc2 e3 26. fxe3 Bf5 27. c4 Bxc2 28. Qxc2 Nxe3 29. Qd2 cxb4 30. Bd4 Qe6 31. Qxb4 Nc2 32. Qc3 Nxa1 33. Qxa1 Rc8 34. h3 Ne8 35. Qa4 Nd6 36. c5 Nf5 37. Bf2 Ne3 38. Bd3 Rxc5 39. Qd4 Rd5 40. Qc3 Nf5 41. Qc2 Re5 42. Qc7 g6 43. Bc4 Qe7 44. Qc6 Re1+ 45. Bxe1 Qxe1+ 46. Kh2 Qg3+ 47. Kg1 Qe1+ 48. Kh2 Qg3+ 49. Kg1 1/2-1/2

[Event "Aragon-chT Preferente Gr I "]
[Site "Aragon"]
[Date "2018.03.03"]
[Round "6.41"]
[White "Malo Guillen, Jose Luis"]
[Black "Ocabo Vera, Pedro Aristides"]
[Result "1-0"]
[WhiteElo "2113"]
[BlackElo "1800"]
[PlyCount "59"]
[EventDate "2018.01.27"]
[EventType "team-tourn"]
[EventRounds "9"]
[EventCountry "ESP"]
[SourceTitle "EXT 2019"]
[Source "ChessBase"]
[SourceDate "2018.10.10"]
[SourceVersion "1"]
[SourceVersionDate "2018.10.10"]
[SourceQuality "1"]
[WhiteTeam "Las Fuentes"]
[BlackTeam "Monzon II"]
[WhiteTeamCountry "ESP"]
[BlackTeamCountry "ESP"]

1. d4 g6 2. c4 Bg7 3. Nf3 d6 4. g3 Nf6 5. Bg2 0-0 6. 0-0 h6 7. Nc3 Nbd7 8. e4 c5 9. h3 Rb8 10. Be3 a6 11. dxc5 Nxc5 12. e5 Nfe4 13. Nxe4 Nxe4 14. Qd5 Ng5 15. exd6 Nxh3+ 16. Kh2 Be6 17. dxe7 Qxe7 18. Qc5 Qf6 19. Bd4 Qd8 20. Bxg7 Kxg7 21. Bxh3 Qf6 22. Bxe6 Qxf3 23. Bd5 Qh5+ 24. Kg2 Rfe8 25. Qd4+ f6 26. Rae1 Re5 27. Rxe5 fxe5 28. Qh4 Qf5 29. Qe7+ Kh8 30. Re1 1-0

[Event "Aragon-chT Preferente Gr I "]
[Site "Aragon"]
[Date "2018.02.03"]
[Round "2.49"]
[White "Malo Guillen, Jose Luis"]
[Black "Vallverdu Miret, Oscar"]
[Result "1/2-1/2"]
[WhiteElo "2113"]
[BlackElo "2082"]
[PlyCount "76"]
[EventDate "2018.01.27"]
[EventType "team-tourn"]
[EventRounds "9"]
[EventCountry "ESP"]
[SourceTitle "EXT 2019"]
[Source "ChessBase"]
[SourceDate "2018.10.10"]
[SourceVersion "1"]
[SourceVersionDate "2018.10.10"]
[SourceQuality "1"]
[WhiteTeam "Las Fuentes"]
[BlackTeam "Fraga"]
[WhiteTeamCountry "ESP"]
[BlackTeamCountry "ESP"]

1. d4 Nf6 2. Nf3 b6 3. c4 Bb7 4. Nc3 g6 5. g3 Bg7 6. Bg2 0-0 7. 0-0 Qc8 8. Qc2 d5 9. cxd5 Nxd5 10. Nxd5 Bxd5 11. e4 Bb7 12. Be3 Nd7 13. Rac1 c5 14. dxc5 Nxc5 15. Bxc5 Qxc5 16. Qxc5 bxc5 17. Rfe1 Rac8 18. b3 Rfd8 19. Bf1 e6 20. Rc2 Rd7 21. Bb5 Rdd8 22. Bc4 Rc7 23. Bb5 a6 24. Bf1 Rcd7 25. Rxc5 Rd1 26. Rc4 a5 27. Be2 Rxe1+ 28. Nxe1 Rd2 29. Rc2 Rxc2 30. Nxc2 Bxe4 31. Ne3 Kf8 32. Bb5 Bc3 33. Kf1 Bf3 34. a3 Ke7 35. Be2 Be4 36. Bc4 Bf3 37. Be2 Be4 38. Bc4 Bf3 1/2-1/2

[Event "Aragon-chT Preferente B"]
[Site "Aragon"]
[Date "2016.02.20"]
[Round "4.53"]
[White "Fontana Sotomayour, Luis Javier"]
[Black "Malo Guillen, Jose Luis"]
[Result "1/2-1/2"]
[WhiteElo "2315"]
[BlackElo "2148"]
[PlyCount "76"]
[EventDate "2016.01.30"]
[EventType "team-tourn"]
[EventRounds "9"]
[EventCountry "ESP"]
[SourceTitle "EXT 2018"]
[Source "ChessBase"]
[SourceDate "2017.10.13"]
[SourceVersion "1"]
[SourceVersionDate "2017.10.13"]
[SourceQuality "1"]
[WhiteTeam "Jaime Casas II"]
[BlackTeam "Las Fuentes"]
[WhiteTeamCountry "ESP"]
[BlackTeamCountry "ESP"]

1. b3 Nf6 2. Bb2 e6 3. e3 d5 4. Nf3 Be7 5. c4 b6 6. Be2 Bb7 7. 0-0 0-0 8. Nc3 c5 9. cxd5 Nxd5 10. Rc1 Nc6 11. Qc2 Bf6 12. Rfd1 Rc8 13. Qb1 Qe7 14. Nxd5 exd5 15. d4 cxd4 16. Nxd4 Nxd4 17. Bxd4 Bxd4 18. Rxd4 Rxc1+ 19. Qxc1 Rc8 20. Qd2 Qa3 21. f4 g6 22. h3 Qc1+ 23. Qxc1 Rxc1+ 24. Bd1 f5 25. Kf2 Kf7 26. Rd2 Ke6 27. Bf3 Rc3 28. Bd1 Rc1 29. g4 Rc3 30. g5 a5 31. h4 Ba6 32. h5 Bd3 33. hxg6 hxg6 34. Bf3 b5 35. Be2 Bxe2 36. Kxe2 b4 37. Kf2 Rc1 38. Ke2 Rc3 1/2-1/2

[Event "Aragon-chT Preferente B"]
[Site "Aragon"]
[Date "2016.02.13"]
[Round "3.69"]
[White "Lopez Caudevilla, David"]
[Black "Malo Guillen, Jose Luis"]
[Result "1-0"]
[WhiteElo "2031"]
[BlackElo "2148"]
[PlyCount "41"]
[EventDate "2016.01.30"]
[EventType "team-tourn"]
[EventRounds "9"]
[EventCountry "ESP"]
[SourceTitle "EXT 2018"]
[Source "ChessBase"]
[SourceDate "2017.10.13"]
[SourceVersion "1"]
[SourceVersionDate "2017.10.13"]
[SourceQuality "1"]
[WhiteTeam "Actur Rey Fernando"]
[BlackTeam "Las Fuentes"]
[WhiteTeamCountry "ESP"]
[BlackTeamCountry "ESP"]

1. e4 c5 2. Nc3 Nc6 3. g3 g6 4. Bg2 Bg7 5. d3 d6 6. Be3 e5 7. Qd2 Nge7 8. Bh6 Bxh6 9. Qxh6 Nd4 10. 0-0-0 b5 11. f4 Bg4 12. Rf1 b4 13. Nb1 Qa5 14. fxe5 Qa4 15. Rf2 Qxa2 16. exd6 Nec6 17. Qg5 Bd1 18. Qd5 Qxd5 19. exd5 b3 20. c3 Nb4 21. Kxd1 1-0

[Event "Aragon-chT Preferente B"]
[Site "Aragon"]
[Date "2016.02.06"]
[Round "2.57"]
[White "Malo Guillen, Jose Luis"]
[Black "Fabre Perez, Jose Maria"]
[Result "1/2-1/2"]
[WhiteElo "2148"]
[BlackElo "2057"]
[PlyCount "59"]
[EventDate "2016.01.30"]
[EventType "team-tourn"]
[EventRounds "9"]
[EventCountry "ESP"]
[SourceTitle "EXT 2018"]
[Source "ChessBase"]
[SourceDate "2017.10.13"]
[SourceVersion "1"]
[SourceVersionDate "2017.10.13"]
[SourceQuality "1"]
[WhiteTeam "Las Fuentes"]
[BlackTeam "Marcos Frechin II"]
[WhiteTeamCountry "ESP"]
[BlackTeamCountry "ESP"]

1. d4 Nf6 2. c4 e6 3. Nf3 d5 4. g3 dxc4 5. Bg2 Bb4+ 6. Bd2 c5 7. dxc5 Bxc5 8. 0-0 0-0 9. Qc2 Nbd7 10. Qxc4 b5 11. Qd3 Bb7 12. Qxb5 Rb8 13. Qa4 Qb6 14. Nc3 Bc6 15. Qc4 Bxf3 16. Bxf3 Ne5 17. Qf4 Nxf3+ 18. Qxf3 Qxb2 19. Bf4 Rb4 20. Rfc1 Rc4 21. Qd3 Bxf2+ 22. Kxf2 Rxc3 23. Rab1 Ng4+ 24. Kg2 Rxd3 25. Rxb2 Rd7 26. Rb8 f6 27. Rcc8 Rxc8 28. Rxc8+ Kf7 29. h3 Ne5 30. Bxe5 1/2-1/2

[Event "Zaragoza Verano op A 1st"]
[Site "Zaragoza"]
[Date "2015.08.01"]
[Round "4.4"]
[White "Malo Guillen, Jose Luis"]
[Black "Roldan Marques, Daniel"]
[Result "1/2-1/2"]
[WhiteElo "2152"]
[BlackElo "2145"]
[PlyCount "113"]
[EventDate "2015.07.31"]
[EventType "swiss"]
[EventRounds "9"]
[EventCountry "ESP"]
[SourceTitle "EXT 2024"]
[Source "ChessBase"]
[SourceDate "2023.10.10"]
[SourceVersion "1"]
[SourceVersionDate "2023.10.10"]
[SourceQuality "1"]

1. d4 d5 2. c4 e6 3. Nf3 c6 4. Qc2 b5 5. b3 Ba6 6. Nbd2 Qa5 7. e3 Nf6 8. Bd3 Be7 9. 0-0 0-0 10. e4 dxe4 11. Nxe4 Nbd7 12. Bf4 bxc4 13. bxc4 Nxe4 14. Bxe4 Nf6 15. Ne5 Bd6 16. Nxc6 Qc7 17. Bxd6 Qxd6 18. c5 Qc7 19. Rfb1 Nxe4 20. Qxe4 Bc4 21. Ne5 Bd5 22. Qe3 Rfd8 23. Rb4 Qa5 24. a3 Rac8 25. h4 Qc7 26. Rab1 Qe7 27. Qf4 f6 28. Nc4 Qf7 29. Ne3 Bc6 30. Rb8 Qg6 31. h5 Qxh5 32. Rxc8 Rxc8 33. Rb8 Qe8 34. Rxc8 Qxc8 35. Qd6 Kf7 36. f3 Qd7 37. Nc4 Ke8 38. Kf2 Qxd6 39. Nxd6+ Kd7 40. Ke3 Bd5 41. Nb5 a6 42. Nd6 e5 43. Kd3 h5 44. Nf5 g6 45. Ne3 Kc6 46. Nc2 a5 47. Ne3 Be6 48. Kc3 h4 49. Kd3 g5 50. Ke4 exd4 51. Kxd4 h3 52. gxh3 Bxh3 53. Nd5 Bg2 54. Nxf6 Bxf3 55. Ke3 g4 56. Nxg4 Bxg4 57. Kd4 1/2-1/2

[Event "Aragon-chT Preferente B"]
[Site "Aragon"]
[Date "2015.03.14"]
[Round "8.53"]
[White "Malo Guillen, Jose Luis"]
[Black "Galvez Perez, Jose Luis"]
[Result "1-0"]
[WhiteElo "2167"]
[BlackElo "1947"]
[PlyCount "77"]
[EventDate "2015.01.24"]
[EventType "team-tourn"]
[EventRounds "9"]
[EventCountry "ESP"]
[SourceTitle "EXT 2017"]
[Source "ChessBase"]
[SourceDate "2016.10.25"]
[SourceVersion "1"]
[SourceVersionDate "2016.10.25"]
[SourceQuality "1"]
[WhiteTeam "Las Fuentes"]
[BlackTeam "Caissa II"]
[WhiteTeamCountry "ESP"]
[BlackTeamCountry "ESP"]

1. d4 g6 2. c4 Bg7 3. Nc3 c5 4. e3 Nf6 5. Nf3 0-0 6. Be2 cxd4 7. exd4 d5 8. 0-0 Nc6 9. h3 Be6 10. c5 Ne4 11. Bf4 Qa5 12. a3 Nxc3 13. bxc3 b6 14. cxb6 axb6 15. Qb3 Rfc8 16. Rfc1 Qa7 17. Nd2 Na5 18. Qb5 Rc6 19. a4 Qd7 20. Nb3 Nc4 21. a5 bxa5 22. Nc5 Qc8 23. Bxc4 dxc4 24. Nxe6 Rxe6 25. Rxa5 Rxa5 26. Qxa5 Ra6 27. Qb4 Bf8 28. Qb5 Ra3 29. Qc5 Qa6 30. Qc7 Qe6 31. Qd8 Qe4 32. Qc7 h6 33. h4 Kh7 34. Be5 Rxc3 35. Rxc3 Qe1+ 36. Kh2 Qxc3 37. d5 Qd2 38. d6 Qxf2 39. Bg3 1-0

[Event "Aragon-chT Preferente B"]
[Site "Aragon"]
[Date "2015.03.07"]
[Round "7.53"]
[White "Planas Torrea, Francisco Javier"]
[Black "Malo Guillen, Jose Luis"]
[Result "1/2-1/2"]
[WhiteElo "2032"]
[BlackElo "2167"]
[PlyCount "32"]
[EventDate "2015.01.24"]
[EventType "team-tourn"]
[EventRounds "9"]
[EventCountry "ESP"]
[SourceTitle "EXT 2017"]
[Source "ChessBase"]
[SourceDate "2016.10.25"]
[SourceVersion "1"]
[SourceVersionDate "2016.10.25"]
[SourceQuality "1"]
[WhiteTeam "Ejea"]
[BlackTeam "Las Fuentes"]
[WhiteTeamCountry "ESP"]
[BlackTeamCountry "ESP"]

1. e4 e5 2. Nf3 Nc6 3. Bc4 Bc5 4. b4 Bxb4 5. c3 Ba5 6. d4 d6 7. Qb3 Qd7 8. 0-0 exd4 9. cxd4 Nf6 10. e5 dxe5 11. Nxe5 Nxe5 12. dxe5 Ne4 13. Rd1 Qf5 14. Bxf7+ Ke7 15. Ba3+ c5 16. f3 Qxf7 1/2-1/2

[Event "Aragon-chT Preferente B"]
[Site "Aragon"]
[Date "2015.02.21"]
[Round "5.53"]
[White "Muro Turon, Raul"]
[Black "Malo Guillen, Jose Luis"]
[Result "0-1"]
[WhiteElo "1893"]
[BlackElo "2167"]
[PlyCount "60"]
[EventDate "2015.01.24"]
[EventType "team-tourn"]
[EventRounds "9"]
[EventCountry "ESP"]
[SourceTitle "EXT 2017"]
[Source "ChessBase"]
[SourceDate "2016.10.25"]
[SourceVersion "1"]
[SourceVersionDate "2016.10.25"]
[SourceQuality "1"]
[WhiteTeam "Tauste II"]
[BlackTeam "Las Fuentes"]
[WhiteTeamCountry "ESP"]
[BlackTeamCountry "ESP"]

1. e4 d5 2. exd5 Nf6 3. d4 Nxd5 4. c4 Nb6 5. Nc3 e5 6. Be3 exd4 7. Qxd4 Qxd4 8. Bxd4 Nc6 9. Nf3 Bg4 10. 0-0-0 0-0-0 11. Be3 Rxd1+ 12. Nxd1 Bxf3 13. gxf3 Ne5 14. Bxb6 axb6 15. Be2 g6 16. Ne3 Bh6 17. Rd1 Re8 18. Kc2 Nc6 19. Kd2 Nd4 20. Re1 f5 21. Bd1 c6 22. Kc1 Bf4 23. h4 Kd7 24. Kb1 Re6 25. Ng2 Bd2 26. Rxe6 Kxe6 27. f4 Kf6 28. Ne3 Be1 29. h5 Bxf2 30. Ng2 Ne6 0-1

[Event "Aragon-chT Preferente B"]
[Site "Aragon"]
[Date "2015.02.14"]
[Round "4.53"]
[White "Malo Guillen, Jose Luis"]
[Black "Chueca Lorente, Javier"]
[Result "1/2-1/2"]
[WhiteElo "2167"]
[BlackElo "2039"]
[PlyCount "82"]
[EventDate "2015.01.24"]
[EventType "team-tourn"]
[EventRounds "9"]
[EventCountry "ESP"]
[SourceTitle "EXT 2017"]
[Source "ChessBase"]
[SourceDate "2016.10.25"]
[SourceVersion "1"]
[SourceVersionDate "2016.10.25"]
[SourceQuality "1"]
[WhiteTeam "Las Fuentes"]
[BlackTeam "St Casablanca IV"]
[WhiteTeamCountry "ESP"]
[BlackTeamCountry "ESP"]

1. d4 d5 2. c4 e6 3. Nf3 c6 4. Nc3 dxc4 5. g3 b5 6. Bg2 Bb7 7. Ne5 Qc7 8. a4 a6 9. 0-0 Nf6 10. axb5 cxb5 11. Nxb5 axb5 12. Rxa8 Bxg2 13. Rxb8+ Qxb8 14. Kxg2 Bd6 15. Nf3 0-0 16. Bg5 Ne4 17. Qc2 Qb7 18. Kg1 Qd5 19. Be3 Ra8 20. Rb1 Ra2 21. Nd2 Nf6 22. Qc1 Ng4 23. Ra1 Nxe3 24. fxe3 Rxa1 25. Qxa1 h5 26. Qa5 Be7 27. Qc7 Bg5 28. Kf2 h4 29. Nf3 Bh6 30. Ne5 hxg3+ 31. hxg3 f6 32. Qf7+ Kh7 33. Qg6+ Kg8 34. Nf7 Qh1 35. Nxh6+ Qxh6 36. Qe8+ Kh7 37. Qxb5 Qh2+ 38. Kf3 Qh1+ 39. Kf2 Qh2+ 40. Kf3 Qh1+ 41. Kf2 Qh2+ 1/2-1/2

[Event "Aragon-chT Preferente B"]
[Site "Aragon"]
[Date "2015.01.24"]
[Round "1.53"]
[White "Lopez Guaita, Fernando"]
[Black "Malo Guillen, Jose Luis"]
[Result "1-0"]
[WhiteElo "1967"]
[BlackElo "2167"]
[PlyCount "53"]
[EventDate "2015.01.24"]
[EventType "team-tourn"]
[EventRounds "9"]
[EventCountry "ESP"]
[SourceTitle "EXT 2017"]
[Source "ChessBase"]
[SourceDate "2016.10.25"]
[SourceVersion "1"]
[SourceVersionDate "2016.10.25"]
[SourceQuality "1"]
[WhiteTeam "Agrupacion II"]
[BlackTeam "Las Fuentes"]
[WhiteTeamCountry "ESP"]
[BlackTeamCountry "ESP"]

1. e4 d6 2. d4 Nf6 3. Nc3 g6 4. Nf3 Bg7 5. h3 0-0 6. Be2 e6 7. Bg5 h6 8. Be3 Nc6 9. Qd2 Kh7 10. 0-0-0 a6 11. g4 b5 12. g5 Ng8 13. gxh6 Bxh6 14. h4 f6 15. Rdg1 b4 16. Nd1 Bxe3 17. Nxe3 Nh6 18. Bd3 Rg8 19. e5 fxe5 20. h5 Nxd4 21. hxg6+ Kg7 22. Nxd4 exd4 23. Rxh6 dxe3 24. Rh7+ Kf8 25. Qxe3 Rb8 26. Qh6+ Ke8 27. Rh8 1-0

[Event "Aragon-chT Preferente B"]
[Site "Aragon"]
[Date "2014.02.22"]
[Round "5.65"]
[White "Hinojar Basa, Alfonso"]
[Black "Malo Guillen, Jose Luis"]
[Result "1-0"]
[WhiteElo "2201"]
[BlackElo "2211"]
[PlyCount "111"]
[EventDate "2014.01.25"]
[EventType "team-tourn"]
[EventRounds "9"]
[EventCountry "ESP"]
[SourceTitle "EXT 2015"]
[Source "ChessBase"]
[SourceDate "2014.11.20"]
[SourceVersion "1"]
[SourceVersionDate "2014.11.20"]
[SourceQuality "1"]
[WhiteTeam "Marcos Frechin"]
[BlackTeam "Las Fuentes"]
[WhiteTeamCountry "ESP"]
[BlackTeamCountry "ESP"]

1. e4 d6 2. d4 g6 3. Nc3 Bg7 4. Bg5 Nd7 5. Qd2 c5 6. Nf3 a6 7. a4 cxd4 8. Nxd4 Ngf6 9. Bh6 Bxh6 10. Qxh6 Qb6 11. Nb3 Qxf2+ 12. Kxf2 Ng4+ 13. Kg3 Nxh6 14. Nd5 Kd8 15. Be2 e6 16. Ne3 f5 17. Na5 Ne5 18. Nec4 Nhf7 19. Rhd1 Kc7 20. exf5 gxf5 21. Ra3 d5 22. Nxe5 Nxe5 23. Kf4 Nc6 24. Nxc6 bxc6 25. Ke5 Rb8 26. Rb3 Rxb3 27. cxb3 a5 28. Rd4 Rg8 29. g3 Bd7 30. b4 axb4 31. Rxb4 c5 32. Rb3 c4 33. Rb4 Kc6 34. Rb5 Ra8 35. Bd1 h5 36. b4 cxb3 37. Rxb3 Kc5 38. Rc3+ Kb4 39. Rc7 Bxa4 40. Bxa4 Rxa4 41. Kxe6 d4 42. Kxf5 d3 43. Ke4 d2 44. Rd7 Kc3+ 45. Ke3 h4 46. Rd3+ Kc4 47. Rxd2 hxg3 48. hxg3 Ra8 49. g4 Rf8 50. Ke4 Re8+ 51. Kf5 Rf8+ 52. Ke5 Rg8 53. Rg2 Kd3 54. g5 Ke3 55. g6 Kf3 56. Rg1 1-0

[Event "Aragon-chT Preferente B"]
[Site "Aragon"]
[Date "2014.01.25"]
[Round "1.57"]
[White "Fuertes Garay, Javier"]
[Black "Malo Guillen, Jose Luis"]
[Result "1/2-1/2"]
[WhiteElo "2097"]
[BlackElo "2211"]
[PlyCount "75"]
[EventDate "2014.01.25"]
[EventType "team-tourn"]
[EventRounds "9"]
[EventCountry "ESP"]
[SourceTitle "EXT 2015"]
[Source "ChessBase"]
[SourceDate "2014.11.20"]
[SourceVersion "1"]
[SourceVersionDate "2014.11.20"]
[SourceQuality "1"]
[WhiteTeam "Aragon ONCE II"]
[BlackTeam "Las Fuentes"]
[WhiteTeamCountry "ESP"]
[BlackTeamCountry "ESP"]

1. e4 d5 2. exd5 Nf6 3. d4 Nxd5 4. c4 Nb6 5. Nc3 e5 6. d5 c6 7. Nf3 Bb4 8. Bd2 0-0 9. Be2 cxd5 10. cxd5 Bxc3 11. Bxc3 f6 12. d6 Be6 13. 0-0 Nc6 14. b4 Nd5 15. Bc4 Qxd6 16. Qb3 b5 17. Bxb5 Ne3 18. Qa4 Nxf1 19. Bxc6 Rac8 20. b5 Qd3 21. Bb4 e4 22. Rd1 Qc4 23. Nd4 Bg4 24. Rxf1 Qxd4 25. Qb3+ Kh8 26. Bxf8 Rxf8 27. a4 Be2 28. Re1 Rd8 29. h3 Bd1 30. Qe3 f5 31. a5 Ba4 32. Qxd4 Rxd4 33. f3 g6 34. fxe4 fxe4 35. Kf2 Rb4 36. Rxe4 Rxe4 37. Bxe4 Bxb5 38. Ke3 1/2-1/2

[Event "Aragon-chT Preferente A"]
[Site "Aragon"]
[Date "2013.03.09"]
[Round "7.41"]
[White "Antonano Fedz Quincoces, Avelino"]
[Black "Malo Guillen, Jose Luis"]
[Result "1/2-1/2"]
[WhiteElo "2099"]
[BlackElo "2170"]
[PlyCount "34"]
[EventDate "2013.01.26"]
[EventType "team"]
[EventRounds "9"]
[EventCountry "ESP"]
[SourceTitle "EXT 2014"]
[Source "ChessBase"]
[SourceDate "2013.11.20"]
[SourceVersion "1"]
[SourceVersionDate "2013.11.20"]
[SourceQuality "1"]
[WhiteTeam "St Casablanca III"]
[BlackTeam "Las Fuentes"]
[WhiteTeamCountry "ESP"]
[BlackTeamCountry "ESP"]

1. e4 d6 2. d4 Nf6 3. Nc3 g6 4. Bc4 Bg7 5. Qe2 Nc6 6. e5 Nd7 7. Nf3 Nb6 8. Bb3 0-0 9. h3 Na5 10. 0-0 d5 11. Bg5 f6 12. Bf4 g5 13. Bg3 Bf5 14. e6 Nxb3 15. cxb3 c6 16. Nd2 Nc8 17. Rae1 Qe8 1/2-1/2

[Event "Aragon-chT Preferente A"]
[Site "Aragon"]
[Date "2013.01.26"]
[Round "1.37"]
[White "Malo Guillen, Jose Luis"]
[Black "Royo Onde, Manuel"]
[Result "1-0"]
[WhiteElo "2170"]
[BlackElo "1829"]
[PlyCount "31"]
[EventDate "2013.01.26"]
[EventType "team"]
[EventRounds "9"]
[EventCountry "ESP"]
[SourceTitle "EXT 2014"]
[Source "ChessBase"]
[SourceDate "2013.11.20"]
[SourceVersion "1"]
[SourceVersionDate "2013.11.20"]
[SourceQuality "1"]
[WhiteTeam "Las Fuentes"]
[BlackTeam "Ramiro III"]
[WhiteTeamCountry "ESP"]
[BlackTeamCountry "ESP"]

1. d4 d5 2. c4 e6 3. Nf3 c6 4. g3 f5 5. Bg2 Nf6 6. 0-0 Be7 7. b3 0-0 8. Ba3 Nbd7 9. Bxe7 Qxe7 10. Qc2 Ne4 11. Nc3 Kh8 12. e3 Ndf6 13. Ne5 Nd6 14. Ne2 Bd7 15. Nf4 g5 16. Nfg6+ 1-0